Catálogo - Centro de Recursos para el Aprendizaje y la Investigación

Volver al Sitio - CRAI Biblioteca

Arresto, registro y allanamiento : (Registro nro. 114634)

Detalles MARC
000 -CABECERA
campo de control de longitud fija 01302nam a2200325 4500
001 - NÚMERO DE CONTROL
campo de control 114634
003 - IDENTIFICADOR DEL NÚMERO DE CONTROL
campo de control DR-UNIBE
005 - FECHA Y HORA DE LA ÚLTIMA TRANSACCIÓN
campo de control 20260511112948.0
008 - DATOS DE LONGITUD FIJA--INFORMACIÓN GENERAL
campo de control de longitud fija 260511b2005 dr ||||| |||| 00| 0 spa d
040 ## - FUENTE DE LA CATALOGACIÓN
Centro catalogador/agencia de origen BIBLIOTECA UNIBE
Centro/agencia transcriptor BIBLIOTECA UNIBE
Lengua de catalogación spa
Normas de descripción rda
041 ## - CÓDIGO DE LENGUA
Código de lengua del texto/banda sonora o título independiente spa
082 ## - NÚMERO DE LA CLASIFICACIÓN DECIMAL DEWEY
Número de clasificación RD 345.72930527 P328a
100 1# - ENTRADA PRINCIPAL--NOMBRE DE PERSONA
Nombre de persona Paulino Baldera, Cristian de Jesús
Término indicativo de función/relación autor
9 (RLIN) 194006
245 13 - MENCIÓN DE TÍTULO
Título Arresto, registro y allanamiento :
Resto del título en el nuevo proceso penal /
Mención de responsabilidad, etc. Cristian de Jesús Paulino Baldera
260 ## - PUBLICACIÓN, DISTRIBUCIÓN, ETC.
Lugar de publicación, distribución, etc. Moca :
Nombre del editor, distribuidor, etc. Editora Dalis,
Fecha de publicación, distribución, etc. 2005
300 ## - DESCRIPCIÓN FÍSICA
Extensión 290 páginas
500 ## - NOTA GENERAL
Nota general En la cubierta: ley, doctrina, jurisprudencia, formularios
505 ## - NOTA DE CONTENIDO CON FORMATO
Nota de contenido con formato El arresto |<br/>El registro |<br/>Los allanamientos |<br/>La prueba |<br/>Formularios |
650 #7 - PUNTO DE ACCESO ADICIONAL DE MATERIA--TÉRMINO DE MATERIA
Fuente del encabezamiento o término lemb
Término de materia o nombre geográfico como elemento de entrada Coacción (Derecho)
Subdivisión geográfica República Dominicana
9 (RLIN) 204793
650 #7 - PUNTO DE ACCESO ADICIONAL DE MATERIA--TÉRMINO DE MATERIA
Fuente del encabezamiento o término lemb
Término de materia o nombre geográfico como elemento de entrada Detención preventiva
Subdivisión geográfica República Dominicana
9 (RLIN) 204794
650 #7 - PUNTO DE ACCESO ADICIONAL DE MATERIA--TÉRMINO DE MATERIA
Fuente del encabezamiento o término lemb
Término de materia o nombre geográfico como elemento de entrada Procedimiento penal
Subdivisión geográfica República Dominicana
9 (RLIN) 15663
650 #7 - PUNTO DE ACCESO ADICIONAL DE MATERIA--TÉRMINO DE MATERIA
Fuente del encabezamiento o término lemb
Término de materia o nombre geográfico como elemento de entrada Proceso penal
650 #7 - PUNTO DE ACCESO ADICIONAL DE MATERIA--TÉRMINO DE MATERIA
Fuente del encabezamiento o término lemb
Término de materia o nombre geográfico como elemento de entrada Jurisprudencia penal
9 (RLIN) 50252
650 #7 - PUNTO DE ACCESO ADICIONAL DE MATERIA--TÉRMINO DE MATERIA
Fuente del encabezamiento o término lemb
Término de materia o nombre geográfico como elemento de entrada Administración de justicia penal
650 #7 - PUNTO DE ACCESO ADICIONAL DE MATERIA--TÉRMINO DE MATERIA
Fuente del encabezamiento o término lemb
Término de materia o nombre geográfico como elemento de entrada Derecho penal
650 #7 - PUNTO DE ACCESO ADICIONAL DE MATERIA--TÉRMINO DE MATERIA
Fuente del encabezamiento o término lemb
Término de materia o nombre geográfico como elemento de entrada Medidas cautelares
650 #7 - PUNTO DE ACCESO ADICIONAL DE MATERIA--TÉRMINO DE MATERIA
Fuente del encabezamiento o término lemb
Término de materia o nombre geográfico como elemento de entrada Recursos provisionales
9 (RLIN) 29411
700 1# - PUNTO DE ACCESO ADICIONAL--NOMBRE DE PERSONA
Nombre de persona Román Pérez, Teresa
Término indicativo de función/relación diagramador
9 (RLIN) 196066
942 ## - ELEMENTOS DE PUNTO DE ACCESO ADICIONAL (KOHA)
Fuente del sistema de clasificación o colocación Sistema de Clasificación Decimal Dewey
Tipo de ítem Koha Libro (general)
Existencias
Estado de retiro Estado de pérdida Fuente del sistema de clasificación o colocación No para préstamo Código de colección Localización permanente Fecha de adquisición Total de préstamos Signatura topográfica completa Código de barras Fecha visto por última vez Número de copia Precio válido a partir de Tipo de ítem Koha
  Disponible Sistema de Clasificación Decimal Dewey   General - Libros dominicanos Biblioteca Central UNIBE 01/01/2026   RD 345.72930527 P328a 260280 11/05/2026 Ej. 1 11/05/2026 Libro (general)